Consumer behavior : a marketing perspective /
Saved in:
| Other Authors: | |
|---|---|
| Format: | Book |
| Published: |
New York :
Clanrye International,
c2020.
|
| Subjects: | |
| Tags: |
Add Tag
No Tags, Be the first to tag this record!
|
MARC
| LEADER | 00000nam a2200000 4500 | ||
|---|---|---|---|
| 005 | 20250710110835.0 | ||
| 020 | |a 9781632409232 |c TZS 504,630/= | ||
| 040 | |a MUL |b eng. |e AACR2 | ||
| 082 | |a 658.8342 CON | ||
| 245 | |a Consumer behavior : |b a marketing perspective / |c Carroll Ferguson (editor) | ||
| 260 | |a New York : |b Clanrye International, |c c2020. | ||
| 300 | |a vii, 204p. : |b Ill. (some col.) ; |c 27cm. | ||
| 504 | |a Includes bibliographical references and index (p.199, 203-204). | ||
| 546 | |a eng. | ||
| 650 | |a Consumer profiling | ||
| 650 | |a Islamic and conventional Banks | ||
| 650 | |a Crowdsourcing-design process | ||
| 650 | |a Customer satisfaction | ||
| 650 | |a Market surveys | ||
| 700 | |a FERGUSON, Carroll | ||
| 942 | |c BK | ||
| 999 | |c 11052 |d 11052 | ||